Thea Stilton (Record no. 589)

MARC details
000 -LEADER
fixed length control field 00820nam a22002177a 4500
005 - DATE AND TIME OF LATEST TRANSACTION
control field 20250506084109.0
020 ## - INTERNATIONAL STANDARD BOOK NUMBER
International Standard Book Number 9780545341080
040 ## - CATALOGING SOURCE
Original cataloging agency FISKH
Language of cataloging eng
050 ## - LIBRARY OF CONGRESS CALL NUMBER
Classification number PZ7
082 ## - DEWEY DECIMAL CLASSIFICATION NUMBER
Classification number 813.6
100 ## - MAIN ENTRY--PERSONAL NAME
Personal name Dami, Elisabetta
245 ## - TITLE STATEMENT
Title Thea Stilton
Remainder of title and the prince's emerald
260 ## - PUBLICATION, DISTRIBUTION, ETC.
Place of publication, distribution, etc. New York :
Name of publisher, distributor, etc. Scholastic
Date of publication, distribution, etc. 2012.
300 ## - PHYSICAL DESCRIPTION
Extent 157 pages ;
Dimensions 20 cm.
505 ## - FORMATTED CONTENTS NOTE
Formatted contents note M
520 ## - SUMMARY, ETC.
Summary, etc. "When the Thea Sisters' friend Ashvin is in trouble, they rush to his aid--in India! Ashvin has been working to return the monkeys living in the big city to their natural jungle environment. But the monkeys have suddenly started stealing jewels! Can the Thea Sisters figure out who is behind this terrible theft?"--P. [4] of cover.
521 ## - TARGET AUDIENCE NOTE
Target audience note 670 <br/>
Source Lexile
521 ## - TARGET AUDIENCE NOTE
Target audience note M <br/>
Source Raz-Plus
942 ## - ADDED ENTRY ELEMENTS (KOHA)
Source of classification or shelving scheme Dewey Decimal Classification
Koha item type Books
Suppress in OPAC No
999 ## -
-- 589
-- 589
Holdings
Withdrawn status Lost status Source of classification or shelving scheme Damaged status Not for loan Collection Home library Current library Shelving location Date acquired Total Checkouts Full call number Barcode Date last seen Date last checked out Copy number Price effective from Koha item type Date due
    Dewey Decimal Classification     Juvenile Fiction Footprints International School Library Network Toul Kork Campus Footprints International School Library Network Toul Kork Campus TK Primary Library Room(4th Floor), Bookcase 5&6, Shelves 33-56, Orange Books 06/20/2023 3 DAM 853.914 PZ7 FISTKG3B064 02/02/2024 01/08/2024 1 06/20/2023 Books  
    Dewey Decimal Classification     Juvenile Fiction Footprints International School Library Network Toul Kork Campus Footprints International School Library Network Toul Kork Campus TK Primary Library Room(4th Floor), Bookcase 5&6, Shelves 33-56, Orange Books 07/05/2024 2 DAM 853.914 PZ7 FISTK04642 04/27/2026 04/27/2026 2 07/05/2024 Books 05/11/2026
    Dewey Decimal Classification     Juvenile Fiction Footprints International School Library Network Toul Kork Campus Footprints International School Library Network Toul Kork Campus TK Primary Library Room(4th Floor), Bookcase 5&6, Shelves 33-56, Orange Books 08/28/2025 1 DAM 853.914 PZ7 FISTK00402 11/11/2025 11/11/2025 4 08/28/2025 Books 11/25/2025
    Dewey Decimal Classification     Juvenile Fiction Footprints International School Library Network Toul Tom Poung Campus Footprints International School Library Network Toul Tom Poung Campus TTP Primary Orange Bookshelves 05/06/2025   DAM 853.914 PZ7 2025-1143 05/06/2025   3 05/06/2025 Books